<?xml version="1.0" encoding="UTF-8"?>
<record
    xmlns:xsi="http://www.w3.org/2001/XMLSchema-instance"
    xsi:schemaLocation="http://www.loc.gov/MARC21/slim http://www.loc.gov/standards/marcxml/schema/MARC21slim.xsd"
    xmlns="http://www.loc.gov/MARC21/slim">

  <leader>00681nam a22001937a 4500</leader>
  <controlfield tag="003">OSt</controlfield>
  <controlfield tag="005">20130531124044.0</controlfield>
  <controlfield tag="008">130510s1999    sp ||||| |||| 00| 0 spa d</controlfield>
  <datafield tag="020" ind1=" " ind2=" ">
    <subfield code="a">8483731614</subfield>
  </datafield>
  <datafield tag="040" ind1=" " ind2=" ">
    <subfield code="c">CDMR</subfield>
  </datafield>
  <datafield tag="100" ind1="1" ind2=" ">
    <subfield code="9">3204</subfield>
    <subfield code="a">D&#xED;az Noci, Javier</subfield>
  </datafield>
  <datafield tag="245" ind1="1" ind2="0">
    <subfield code="a">Periodismo en Internet</subfield>
    <subfield code="b">: modelos de la prensa digital</subfield>
    <subfield code="c">Javier D&#xED;az Noci, Koldo Meso Ayerdi</subfield>
  </datafield>
  <datafield tag="260" ind1=" " ind2=" ">
    <subfield code="a">Bilbao</subfield>
    <subfield code="b">Euskal Herriko Unibertsitateko Argitalpen Zerbitzua</subfield>
    <subfield code="b">Servicio Editorial de la Universidad del Pa&#xED;s Vasco</subfield>
    <subfield code="c">DL 1999</subfield>
  </datafield>
  <datafield tag="300" ind1=" " ind2=" ">
    <subfield code="a">120 p.</subfield>
  </datafield>
  <datafield tag="650" ind1="0" ind2="4">
    <subfield code="9">3188</subfield>
    <subfield code="a">Premsa digital</subfield>
  </datafield>
  <datafield tag="650" ind1="0" ind2="4">
    <subfield code="9">3079</subfield>
    <subfield code="a">Mitjans de comunicaci&#xF3; digitals</subfield>
    <subfield code="z">Pa&#xED;s Basc</subfield>
  </datafield>
  <datafield tag="700" ind1="1" ind2=" ">
    <subfield code="9">3407</subfield>
    <subfield code="a">Meso Ayerdi, Koldo</subfield>
  </datafield>
  <datafield tag="942" ind1=" " ind2=" ">
    <subfield code="2">udc</subfield>
    <subfield code="c">MON</subfield>
  </datafield>
  <datafield tag="999" ind1=" " ind2=" ">
    <subfield code="c">6223</subfield>
    <subfield code="d">6223</subfield>
  </datafield>
  <datafield tag="952" ind1=" " ind2=" ">
    <subfield code="0">0</subfield>
    <subfield code="1">0</subfield>
    <subfield code="4">0</subfield>
    <subfield code="7">0</subfield>
    <subfield code="a">CDMR</subfield>
    <subfield code="b">CDMR</subfield>
    <subfield code="d">2013-01-16</subfield>
    <subfield code="l">0</subfield>
    <subfield code="o">Dt 9/55</subfield>
    <subfield code="p">CDMR13056388</subfield>
    <subfield code="r">2013-05-10</subfield>
    <subfield code="w">2013-05-10</subfield>
    <subfield code="y">MON</subfield>
  </datafield>
</record>
